[Event "N1 Reykjavik Open 2014"]
[Site "Reykjavik ISL"]
[Date "2014.03.06"]
[Round "4.87"]
[White "Englert, Fred"]
[Black "Hansen, Lars-Henrik Bech"]
[Result "0-1"]
[WhiteElo "1845"]
[BlackElo "2022"]
[WhiteFideId "24666688"]
[BlackFideId "1402021"]
[EventDate "2014.03.04"]

1. c4 Nf6 2. Nf3 g6 3. g3 Bg7 4. Bg2 O-O 5. O-O d6 6. d4 c6 7. Nc3 Qa5 8. Qc2
Qh5 9. e4 Bh3 10. Re1 Ng4 11. Ne2 e5 12. Qb3 b6 13. Bd2 c5 14. dxc5 dxc5 15. Qd3
Nc6 16. Bc3 Rad8 17. Qc2 f5 18. Bxe5 Ncxe5 19. Nf4 Nxf3+ 20. Bxf3 Qh6 21. Qe2
Bd4 22. Bxg4 Bxg4 23. Qf1 fxe4 24. Rxe4 Bf5 25. Rae1 Bxe4 26. Rxe4 g5 27. Nh3
Qf6 28. Re2 Rde8 29. b3 h6 30. Qe1 Qf7 31. Kf1 Qh5 32. Ng1 Rxe2 0-1

[Event "N1 Reykjavik Open 2014"]
[Site "Reykjavik ISL"]
[Date "2014.03.06"]
[Round "4.88"]
[White "Omtvedt, Per"]
[Black "Ontiveros, John"]
[Result "1/2-1/2"]
[WhiteElo "2008"]
[BlackElo "1710"]
[WhiteFideId "1503235"]
[BlackFideId "2303981"]
[EventDate "2014.03.04"]

1. e4 e5 2. Nf3 Nc6 3. Bb5 d6 4. d4 Bd7 5. Nc3 exd4 6. Nxd4 Ne5 7. Be2 Nf6 8.
O-O Be7 9. f4 Nc6 10. Nxc6 Bxc6 11. Bf3 O-O 12. b3 Nd7 13. Bb2 Bf6 14. Qe2 Re8
15. Rfe1 Nc5 16. e5 Bxf3 17. Qxf3 dxe5 18. Nd5 Be7 19. Rxe5 Nd7 20. Nxe7+ Rxe7
21. Rg5 f6 22. Rd5 Qe8 23. Rdd1 c6 24. Qd3 Nb6 25. c4 Qf7 26. Bc3 Rae8 27. Re1
Rxe1+ 28. Rxe1 Rxe1+ 29. Bxe1 Qd7 30. Qxd7 Nxd7 31. Bf2 a6 32. Kf1 Kf7 33. Ke2
Ke6 34. Kf3 f5 35. Bd4 g6 36. Ke3 c5 37. Bc3 1/2-1/2

[Event "N1 Reykjavik Open 2014"]
[Site "Reykjavik ISL"]
[Date "2014.03.06"]
[Round "4.89"]
[White "De Winter, Eric"]
[Black "Baldvinsson, Loftur"]
[Result "0-1"]
[WhiteElo "1804"]
[BlackElo "2007"]
[WhiteFideId "1033069"]
[BlackFideId "2301261"]
[EventDate "2014.03.04"]

1. Nf3 Nf6 2. c4 g6 3. Nc3 Bg7 4. g3 O-O 5. Bg2 d6 6. d4 Nc6 7. d5 Na5 8. Qd3 c5
9. e4 e5 10. Bg5 h6 11. Bd2 Ne8 12. Nh4 Kh7 13. O-O-O a6 14. Ne2 Bd7 15. Bc3 b5
16. b3 bxc4 17. bxc4 Nxc4 18. Qxc4 Bb5 19. Qb3 Bxe2 20. Rde1 Bb5 21. f4 Rb8 22.
Qc2 exf4 23. Bxg7 Nxg7 24. Qd2 Qf6 0-1

[Event "N1 Reykjavik Open 2014"]
[Site "Reykjavik ISL"]
[Date "2014.03.06"]
[Round "4.91"]
[White "Valtysson, Thor"]
[Black "Plantada Siurans, Estanislau"]
[Result "1-0"]
[WhiteElo "1998"]
[BlackElo "1557"]
[WhiteFideId "2301903"]
[BlackFideId "32021488"]
[EventDate "2014.03.04"]

1. d4 c5 2. e3 cxd4 3. exd4 Nf6 4. Nf3 d5 5. h3 h6 6. Bd3 Nc6 7. c3 Qc7 8. O-O
Bd7 9. Re1 Qc8 10. Ne5 Bxh3 11. gxh3 Qxh3 12. Qf3 Qxf3 13. Nxf3 e6 14. Ne5 Nxe5
15. dxe5 Nd7 16. Bb5 Bc5 17. Be3 Be7 18. Nd2 a6 19. Bxd7+ Kxd7 20. Rad1 f5 21.
c4 g5 22. cxd5 exd5 23. e6+ Kc7 24. Rc1+ Kb8 25. Bb6 Re8 26. Nf3 Bd8 27. Bxd8
Rxd8 28. e7 Re8 29. Nd4 Ka7 30. Nxf5 Kb6 31. Ng7 Rxe7 32. Rxe7 Rd8 33. Rcc7 Kb5
34. Ne6 d4 35. Rcd7 1-0

[Event "N1 Reykjavik Open 2014"]
[Site "Reykjavik ISL"]
[Date "2014.03.06"]
[Round "4.92"]
[White "Pajeken, Jakob Leon"]
[Black "Aubert, Carsten"]
[Result "1/2-1/2"]
[WhiteElo "1703"]
[BlackElo "1997"]
[WhiteFideId "12942839"]
[BlackFideId "1504320"]
[EventDate "2014.03.04"]

1. e4 e5 2. Nf3 Nc6 3. Bc4 Nf6 4. Ng5 d5 5. exd5 Na5 6. Bb5+ c6 7. dxc6 bxc6 8.
Qf3 Rb8 9. Bd3 Bd6 10. Nc3 O-O 11. O-O h6 12. Nge4 Nxe4 13. Nxe4 f5 14. Nxd6
Qxd6 15. Qg3 Qf6 16. a3 Be6 17. f3 c5 18. Re1 Nc6 19. Qf2 Nd4 20. b4 c4 21. Bf1
Nxc2 22. Bb2 Nxe1 23. Rxe1 Qf7 24. Rxe5 Kh7 25. Qe3 Rfe8 26. Qc3 Rb7 27. Qe3
Ree7 28. Qc3 Bd5 29. Rxe7 Rxe7 30. Qd4 Qe6 31. Bc3 Qb6 32. Qxb6 axb6 33. Kf2 b5
34. Be2 f4 35. Bd1 Bc6 36. Bc2+ Kg8 37. Bg6 Be8 38. Be4 Kf8 39. Bd5 Ra7 40. Bd4
Rc7 41. Bc5+ Re7 42. Be4 Kf7 43. Bxe7 Kxe7 44. d3 cxd3 45. Ke1 Kd6 46. Kd2 Ke5
47. Kxd3 Bd7 48. Kc3 Be8 49. g3 g5 50. Bb7 Bd7 51. Be4 Be8 1/2-1/2

[Event "N1 Reykjavik Open 2014"]
[Site "Reykjavik ISL"]
[Date "2014.03.06"]
[Round "4.93"]
[White "Kjartansson, Dagur"]
[Black "Arvidsson, Jonas"]
[Result "1/2-1/2"]
[WhiteElo "1662"]
[BlackElo "1992"]
[WhiteFideId "2303299"]
[BlackFideId "1717839"]
[EventDate "2014.03.04"]

1. c4 Nf6 2. Nc3 c5 3. g3 g6 4. Bg2 Bg7 5. Nf3 O-O 6. O-O e6 7. b3 d5 8. cxd5
Nxd5 9. Bb2 b6 10. Rb1 Bb7 11. Nxd5 Bxb2 12. Nxb6 axb6 13. Rxb2 Qf6 14. Qc2 Nc6
15. Qc3 Nd4 16. Nxd4 cxd4 17. Qc1 Bxg2 18. Kxg2 Qe5 19. d3 Rfc8 20. Rc2 Rc3 21.
Rxc3 dxc3 22. Qc2 b5 23. a4 b4 24. Rd1 Rd8 25. e3 f5 26. d4 Qd5+ 27. f3 Kg7 28.
Kf2 e5 29. Ke2 e4 30. fxe4 fxe4 31. Rf1 Rf8 32. Rxf8 Kxf8 33. g4 h5 34. h3 hxg4
35. hxg4 Qe6 36. Ke1 Qc6 37. Qf2+ Kg8 38. Kd1 Qa6 39. Kc1 Qd3 40. g5 c2 41. Qxc2
Qxe3+ 42. Kd1 Qxd4+ 43. Ke2 Kf7 44. a5 Qd6 45. Qc4+ Kg7 46. a6 Qh2+ 47. Ke3 Qg3+
48. Kxe4 Qg4+ 49. Kd3 Qf3+ 50. Kd4 Qf4+ 51. Kc5 Qxg5+ 52. Kxb4 Qe7+ 53. Kb5 Qe5+
54. Ka4 Qe8+ 55. Ka3 Qe7+ 56. b4 Kh7 57. Qc5 Qf6 58. b5 Qa1+ 59. Kb4 Qe1+ 60.
Kc4 Qe4+ 61. Qd4 Qe6+ 62. Kc5 Qc8+ 63. Kb6 Qe6+ 64. Kc7 Kh6 65. a7 Qf7+ 66. Qd7
Qf4+ 67. Kb7 Qf3+ 68. Qc6 Qf7+ 69. Qc7 Qf3+ 70. Ka6 Qa3+ 71. Qa5 Qd6+ 72. b6
Qd3+ 73. Qb5 Qa3+ 74. Kb7 Qe7+ 75. Kc8 Qf8+ 76. Kc7 Qf4+ 77. Kb7 Qf7+ 78. Kc6
Qe6+ 79. Kc7 Qf7+ 80. Qd7 Qf4+ 81. Qd6 Qf3 82. Qc6 Qf7+ 83. Kb8 Qf8+ 84. Qc8
Qf4+ 85. Ka8 Qf3+ 86. b7 Qe4 87. Qh8+ Kg5 88. Qd8+ Kh5 89. Kb8 Qe5+ 90. Kc8 Qc5+
91. Qc7 Qf5+ 92. Kd8 Qf8+ 93. Kd7 Qf7+ 94. Kc6 Qc4+ 95. Kd6 Qf4+ 96. Kd7 Qf7+
97. Kc8 Qf8+ 98. Qd8 Qc5+ 1/2-1/2

[Event "N1 Reykjavik Open 2014"]
[Site "Reykjavik ISL"]
[Date "2014.03.06"]
[Round "4.94"]
[White "Altman, Joshua"]
[Black "Sigurdsson, Sverrir"]
[Result "1-0"]
[WhiteTitle "CM"]
[WhiteElo "1650"]
[BlackElo "1980"]
[WhiteFideId "426210"]
[BlackFideId "2302195"]
[EventDate "2014.03.04"]

1. e4 c5 2. Nf3 d6 3. Bb5+ Bd7 4. Bxd7+ Qxd7 5. O-O Nc6 6. Re1 Nf6 7. c3 e6 8.
d4 cxd4 9. cxd4 d5 10. e5 Ne4 11. Nc3 Nxc3 12. bxc3 Be7 13. Ng5 O-O 14. Qh5 Bxg5
15. Bxg5 Ne7 16. Rad1 Rfc8 17. Rd3 Ng6 18. h4 Rc6 19. Qg4 Rac8 20. h5 Nf8 21.
Bf6 Ng6 22. hxg6 fxg6 23. Bg5 Rxc3 24. Rxc3 Rxc3 25. Qe2 Qc6 26. Qb2 Rc2 27. Qa3
a6 28. Qd6 h6 29. Qxc6 Rxc6 30. Be7 Rc4 31. Bc5 g5 32. Re3 Rc1+ 33. Kh2 Rc2 34.
Rf3 Rxa2 35. Rf8+ Kh7 36. Re8 Rxf2 37. Rxe6 Re2 38. Re8 h5 39. e6 h4 40. e7 g4
41. Kg1 g3 42. Kf1 Ra2 43. Rh8+ 1-0

[Event "N1 Reykjavik Open 2014"]
[Site "Reykjavik ISL"]
[Date "2014.03.06"]
[Round "4.96"]
[White "Stolberg-Rohr, Thomine"]
[Black "Davidsdottir, Nansy"]
[Result "1-0"]
[WhiteTitle "WFM"]
[WhiteElo "1964"]
[BlackElo "1510"]
[WhiteFideId "1504258"]
[BlackFideId "2309491"]
[EventDate "2014.03.04"]

1. e4 c5 2. Nf3 e6 3. Nc3 a6 4. g3 Nc6 5. Bg2 Qc7 6. O-O Nf6 7. d3 d6 8. h3 Be7
9. a4 O-O 10. Bg5 h6 11. Be3 b6 12. Nh2 Bb7 13. f4 Rad8 14. Ng4 Nb4 15. f5 exf5
16. Rxf5 Bc8 17. Nxf6+ Bxf6 18. Rxf6 gxf6 19. Bxh6 Rfe8 20. Qf3 Qe7 21. Rf1 Bd7
22. Qh5 Qe5 23. Qh4 f5 24. Bg5 Rc8 25. Bf6 1-0

[Event "N1 Reykjavik Open 2014"]
[Site "Reykjavik ISL"]
[Date "2014.03.06"]
[Round "4.97"]
[White "Jonasson, Hordur"]
[Black "Saraiva, Alexandre Pacheco"]
[Result "0-1"]
[WhiteElo "1526"]
[BlackElo "1963"]
[WhiteFideId "2311224"]
[BlackFideId "2132842"]
[EventDate "2014.03.04"]

1. e4 c6 2. d4 d5 3. Nc3 dxe4 4. Nxe4 Bf5 5. Ng3 Bg6 6. h4 h6 7. h5 Bh7 8. Nf3
Nf6 9. Bd3 Bxd3 10. Qxd3 Na6 11. a3 e6 12. Bf4 Qa5+ 13. c3 c5 14. O-O cxd4 15.
Qxd4 Qc5 16. Rad1 Qxd4 17. Nxd4 Be7 18. Nb5 O-O 19. Bd6 Bxd6 20. Rxd6 Nc5 21. f3
a6 22. Nd4 Na4 23. Rb1 b5 24. Nde2 Nd5 25. Ne4 Rfc8 26. Nd4 Kf8 27. Nc6 a5 28.
Nd4 b4 29. axb4 axb4 30. cxb4 Nxb4 31. b3 Nc5 32. Nxc5 Rxc5 33. g4 Ra2 34. Rb6
Nd5 35. Rb8+ Ke7 36. Re1 Kf6 37. Re2 Rc1+ 38. Kf2 Raa1 39. Rd2 Rh1 40. Ke2 Nf4+
41. Ke3 e5 42. Rb6+ Kg5 43. Rb5 Rae1+ 44. Kf2 f6 45. Ne2 Rhf1+ 46. Kg3 Nxe2+ 0-1

[Event "N1 Reykjavik Open 2014"]
[Site "Reykjavik ISL"]
[Date "2014.03.06"]
[Round "4.98"]
[White "Birkisson, Bardur Orn"]
[Black "Djurhuus, Eivind X"]
[Result "0-1"]
[WhiteElo "1475"]
[BlackElo "1953"]
[WhiteFideId "2310597"]
[BlackFideId "1515721"]
[EventDate "2014.03.04"]

1. e4 c5 2. Nc3 Nc6 3. g3 g6 4. Bg2 Bg7 5. d3 d6 6. f4 e6 7. Nf3 Nge7 8. O-O O-O
9. Be3 Nd4 10. Rb1 Rb8 11. Ne2 Nxf3+ 12. Bxf3 b6 13. c3 d5 14. e5 f6 15. d4 fxe5
16. dxe5 Ba6 17. Qa4 Qc8 18. Kg2 Rd8 19. Rfd1 Bb7 20. Qxa7 d4 21. cxd4 Nf5 22.
Qa3 Bxf3+ 23. Kxf3 Qc6+ 24. Kf2 cxd4 25. Bxd4 Nxd4 26. Rxd4 Bf8 27. Rxd8 Rxd8
28. Qf3 Qc2 29. Rc1 Bc5+ 30. Ke1 Qxb2 31. Qb3 Qd2+ 32. Kf1 Kf7 33. Rc3 Qd1+ 34.
Qxd1 Rxd1+ 35. Kg2 Rd2 36. Kf3 Rxa2 37. Rb3 Ke7 38. h3 Kd7 39. Nc1 Ra3 40. Rxa3
Bxa3 41. Nd3 Kc6 42. Ke4 Kb5 43. Kd4 Ka4 44. Kc4 b5+ 45. Kc3 Be7 46. g4 Ka3 47.
Nc1 Bb4+ 48. Kd4 Be7 49. Kc3 Bc5 50. h4 h5 51. g5 Bf2 52. Nd3 Bxh4 53. Nc5 b4+
54. Kc2 Bg3 55. Nxe6 Ka2 56. Nc5 Bxf4 57. Nd3 b3+ 58. Kc3 Bxe5+ 59. Kd2 b2 60.
Nxb2 Kxb2 61. Ke3 h4 62. Kf3 h3 63. Kf2 Kc3 64. Kg1 Kd3 65. Kh1 Ke4 66. Kg1 Kf5
67. Kh1 Kxg5 68. Kg1 Kh4 69. Kh1 g5 70. Kg1 g4 71. Kh1 g3 72. Kg1 g2 73. Kf2
Bd4+ 0-1

[Event "N1 Reykjavik Open 2014"]
[Site "Reykjavik ISL"]
[Date "2014.03.06"]
[Round "4.101"]
[White "Plater, Ronald"]
[Black "Ragnarsson, Heimir Pall"]
[Result "1-0"]
[WhiteElo "1938"]
[BlackElo "1424"]
[WhiteFideId "420573"]
[BlackFideId "2308860"]
[EventDate "2014.03.04"]

1. d4 Nf6 2. Nf3 e6 3. c4 b6 4. g3 Bb7 5. Bg2 Bb4+ 6. Nbd2 O-O 7. O-O d6 8. a3
Bxd2 9. Bxd2 Nbd7 10. b4 c5 11. Qb3 Rc8 12. dxc5 dxc5 13. Rfd1 Qe7 14. Bf4 Rfd8
15. b5 Nf8 16. Ne5 Bxg2 17. Kxg2 Qb7+ 18. Nc6 Rxd1 19. Rxd1 Ng6 20. Qf3 a6 21.
a4 axb5 22. axb5 Ne7 23. Nxe7+ Qxe7 24. Qd3 h6 25. Qd6 Qxd6 26. Rxd6 Ne4 27.
Rxb6 Kf8 28. Kf3 Nc3 29. Bd6+ Ke8 30. Be5 Na4 31. Ra6 f6 32. Ba1 1-0

[Event "N1 Reykjavik Open 2014"]
[Site "Reykjavik ISL"]
[Date "2014.03.06"]
[Round "4.103"]
[White "Thorsteinsdottir, Gudlaug"]
[Black "Steingrimsson, Karl Egill"]
[Result "1-0"]
[WhiteTitle "WFM"]
[WhiteElo "2056"]
[BlackElo "1663"]
[WhiteFideId "2300753"]
[BlackFideId "2304791"]
[EventDate "2014.03.04"]

1. e4 c5 2. Nf3 d6 3. Bb5+ Bd7 4. Bxd7+ Nxd7 5. O-O e6 6. d4 cxd4 7. Nxd4 Ngf6
8. Nc3 a6 9. Kh1 Be7 10. f4 O-O 11. f5 e5 12. Nf3 Nc5 13. Qe2 Qb6 14. Rb1 Qc6
15. Bg5 Ncd7 16. Nd5 Rfe8 17. Rbd1 Nxd5 18. exd5 Qc7 19. Be3 Nf6 20. Ng5 h6 21.
Nh3 Rac8 22. c3 Qa5 23. Qd2 Ng4 24. f6 Bxf6 25. Bxh6 Qd8 26. Bg5 Bxg5 27. Nxg5
f6 28. Ne6 Qe7 29. h3 Nh6 30. g4 Nf7 31. g5 fxg5 32. Rf5 g6 33. Rf2 Qd7 34. Rdf1
Rxe6 35. dxe6 Qc6+ 36. Kh2 Nh8 37. e7 1-0

[Event "N1 Reykjavik Open 2014"]
[Site "Reykjavik ISL"]
[Date "2014.03.06"]
[Round "4.104"]
[White "Haraldsson, Oskar"]
[Black "Birkisson, Bjorn Holm"]
[Result "1-0"]
[WhiteElo "1897"]
[BlackElo "1598"]
[WhiteFideId "2301865"]
[BlackFideId "2310600"]
[EventDate "2014.03.04"]

1. e4 e5 2. Nf3 Nc6 3. Bb5 Nf6 4. O-O a6 5. Ba4 b5 6. Bb3 Be7 7. c3 d6 8. d4 Bg4
9. Be3 O-O 10. Nbd2 Nxe4 11. Nxe4 d5 12. Nc5 e4 13. h3 Bh5 14. g4 Bg6 15. Ne5
Nxe5 16. dxe5 c6 17. a4 Qc7 18. axb5 axb5 19. Qd2 Rfe8 20. e6 f6 21. Na6 Qc8 22.
Nb4 Qxe6 23. Nxd5 Kh8 24. Nc7 Qxb3 25. Rxa8 Rxa8 26. Nxa8 Qe6 27. Nc7 Qc8 28.
Ra1 1-0

[Event "N1 Reykjavik Open 2014"]
[Site "Reykjavik ISL"]
[Date "2014.03.06"]
[Round "4.105"]
[White "Johannsdottir, Johanna Bjorg"]
[Black "Davidsson, Oskar Vikingur"]
[Result "1-0"]
[WhiteElo "1865"]
[BlackElo "1404"]
[WhiteFideId "2303108"]
[BlackFideId "2310627"]
[EventDate "2014.03.04"]

1. e4 c5 2. Nf3 e6 3. d3 Nc6 4. Nbd2 Qc7 5. g3 Nf6 6. Bg2 d6 7. O-O Be7 8. Re1
O-O 9. c3 b6 10. Nf1 Bb7 11. h4 Rfe8 12. N1h2 d5 13. e5 Nd7 14. Bf4 Qc8 15. Bh3
Bd8 16. Rc1 Bc7 17. d4 Qb8 18. Ng5 Bc8 19. Qh5 g6 20. Qxh7+ Kf8 21. Qxf7# 1-0

[Event "N1 Reykjavik Open 2014"]
[Site "Reykjavik ISL"]
[Date "2014.03.06"]
[Round "4.106"]
[White "Kristinardottir, Elsa Maria"]
[Black "Bragason, Gudmundur Agnar"]
[Result "1-0"]
[WhiteElo "1822"]
[BlackElo "1349"]
[WhiteFideId "2300370"]
[BlackFideId "2309483"]
[EventDate "2014.03.04"]

1. e4 e5 2. Nf3 Nc6 3. Bc4 Bc5 4. c3 Nf6 5. d4 exd4 6. e5 d6 7. exf6 Qxf6 8. Bg5
Qg6 9. Qe2+ Kf8 10. Bd5 f6 11. Be4 Bf5 12. Bxf5 Qxf5 13. cxd4 Re8 14. Be3 Bxd4
15. O-O Bxe3 16. fxe3 Nb4 17. Nc3 Nc2 18. Rac1 Nxe3 19. Rfe1 Qc5 20. Ne4 Qb6 21.
Qxe3 Rxe4 22. Qxb6 Rxe1+ 23. Nxe1 axb6 24. Rxc7 Rg8 25. Rxb7 g5 26. Rxb6 Ke7 27.
Rb7+ Ke6 28. a4 h5 29. a5 Re8 30. a6 Kd5 31. Kf2 Ra8 32. a7 Ke6 33. b4 Kd5 34.
Rc7 Ke6 35. b5 d5 36. b6 Kd6 37. Rc2 1-0

[Event "N1 Reykjavik Open 2014"]
[Site "Reykjavik ISL"]
[Date "2014.03.06"]
[Round "4.113"]
[White "Eliasson, Kristjan Orn"]
[Black "Steinthorsson, Felix"]
[Result "1-0"]
[WhiteElo "1875"]
[BlackElo "1530"]
[WhiteFideId "2301784"]
[BlackFideId "2310040"]
[EventDate "2014.03.04"]

1. e4 e6 2. Nf3 d5 3. exd5 exd5 4. d4 Bd6 5. Nc3 c6 6. Be3 Ne7 7. Bd3 O-O 8. Qd2
Bf5 9. Be2 Nd7 10. Nh4 Qc7 11. g4 Bg6 12. f4 Be4 13. Rf1 b6 14. O-O-O Bb4 15. a3
Bxc3 16. Qxc3 Rac8 17. Nf3 c5 18. Ba6 Rb8 19. Ng5 h6 20. Nxe4 dxe4 21. d5 Nc8
22. f5 Nd6 23. g5 hxg5 24. Bxg5 f6 25. Bf4 b5 26. a4 bxa4 27. Be2 Qb6 28. Rg1
Rb7 29. Rdf1 Nb5 30. Qg3 Ne5 31. Bxe5 fxe5 32. d6 Nd4 33. Bc4+ 1-0

[Event "N1 Reykjavik Open 2014"]
[Site "Reykjavik ISL"]
[Date "2014.03.06"]
[Round "4.114"]
[White "Finnsson, Johann Arnar"]
[Black "Johansen, Arnt-Ole"]
[Result "0-1"]
[WhiteElo "1471"]
[BlackElo "1829"]
[WhiteFideId "2308240"]
[BlackFideId "1516728"]
[EventDate "2014.03.04"]

1. e4 c5 2. g3 Nc6 3. Bg2 e6 4. Nc3 Nf6 5. d3 Be7 6. Nge2 O-O 7. O-O a6 8. a3
Rb8 9. f4 d5 10. e5 Ne8 11. Bd2 g6 12. Qc1 b5 13. f5 exf5 14. Bh6 Ng7 15. Nxd5
Nxe5 16. Bf4 f6 17. b4 Bb7 18. Nxe7+ Qxe7 19. bxc5 Bxg2 20. Kxg2 g5 21. Be3 Ng4
22. Bf2 Qxe2 23. Qb2 Ne3+ 24. Kg1 Nxf1 0-1

[Event "N1 Reykjavik Open 2014"]
[Site "Reykjavik ISL"]
[Date "2014.03.06"]
[Round "4.115"]
[White "Jonsson, Pall G"]
[Black "Kravchuk, Mykhaylo"]
[Result "1/2-1/2"]
[WhiteElo "1802"]
[BlackElo "1470"]
[WhiteFideId "2303205"]
[BlackFideId "2310007"]
[EventDate "2014.03.04"]

1. b4 d5 2. Bb2 Nf6 3. e3 e6 4. a3 c5 5. b5 Bd6 6. Nf3 O-O 7. c4 Re8 8. Qb3 b6
9. Be2 Bb7 10. O-O Nbd7 11. h3 h6 12. d4 Rc8 13. Ne5 Qc7 14. Nxd7 Qxd7 15. Nd2
Qc7 16. Rac1 Red8 17. Bd3 Re8 18. Bb1 Qe7 19. Qd3 Rc7 20. f3 Rd7 21. Rce1 a6 22.
a4 a5 23. Qc2 Rc8 24. e4 dxe4 25. fxe4 e5 26. dxe5 Bxe5 27. Bxe5 Qxe5 28. Nf3
Qg3 29. Re3 Rcd8 30. e5 Rd2 31. Re2 Rxc2 32. Bxc2 Nh5 33. Rff2 Nf4 34. Rd2 Nxh3+
35. Kf1 Rxd2 36. Rxd2 g6 37. Bd1 Bxf3 38. Bxf3 Nf4 39. Rd6 Ne6 40. Rxb6 Qxe5 41.
Bd5 Qf4+ 42. Kg1 Qe3+ 43. Kh2 Qf4+ 44. Kg1 Qe3+ 45. Kh2 Qf4+ 46. Kg1 Qe3+ 47.
Kh2 Qf4+ 48. Kg1 1/2-1/2

[Event "N1 Reykjavik Open 2014"]
[Site "Reykjavik ISL"]
[Date "2014.03.06"]
[Round "4.116"]
[White "Gautason, Kristofer"]
[Black "Palsdottir, Soley Lind"]
[Result "1/2-1/2"]
[WhiteElo "1677"]
[BlackElo "1450"]
[WhiteFideId "2302098"]
[BlackFideId "2306824"]
[EventDate "2014.03.04"]

1. e4 c5 2. c3 Nc6 3. d4 e6 4. Nf3 d6 5. dxc5 dxc5 6. Qxd8+ Nxd8 7. Bb5+ Bd7 8.
Bxd7+ Kxd7 9. O-O Nc6 10. Rd1+ Ke8 11. Bg5 Be7 12. Na3 Nf6 13. Nb5 Rc8 14. Bxf6
gxf6 15. Nd6+ Bxd6 16. Rxd6 Ke7 17. Rad1 Rhd8 18. Rxd8 Rxd8 19. Rxd8 Kxd8 20.
Kf1 Ke7 21. Ke2 Kd6 1/2-1/2

[Event "N1 Reykjavik Open 2014"]
[Site "Reykjavik ISL"]
[Date "2014.03.06"]
[Round "4.117"]
[White "Lee, Gudmundur Kristinn"]
[Black "Petersen, Jakob Alexander"]
[Result "1-0"]
[WhiteElo "1649"]
[BlackElo "1425"]
[WhiteFideId "2303361"]
[BlackFideId "2309130"]
[EventDate "2014.03.04"]

1. d4 g6 2. c4 Bg7 3. Nc3 e6 4. Nf3 Nc6 5. Bf4 Nge7 6. e3 O-O 7. g4 d6 8. Bg3
Re8 9. h4 e5 10. d5 Nb4 11. g5 Nf5 12. a3 Nxg3 13. fxg3 Na6 14. e4 Bg4 15. Be2
c6 16. Nh2 Bxe2 17. Qxe2 Nc7 18. O-O Rf8 19. Rf2 f5 20. gxf6 Rxf6 21. Rxf6 Bxf6
22. Rf1 Qe7 23. Qf2 Rf8 24. Qxa7 cxd5 25. cxd5 b5 26. Qb7 Qd7 27. Kg2 Rf7 28.
Qc6 Qxc6 29. dxc6 Bd8 30. Rxf7 Kxf7 31. Nd5 Ke6 32. Nc3 g5 33. h5 h6 34. Ng4 Be7
35. Ne3 g4 36. Ned5 Bd8 37. Nxc7+ Bxc7 38. Nxb5 Bb6 39. c7 Kd7 40. c8=Q+ Kxc8
41. Nxd6+ Kd7 42. Nf5 Bd4 43. Nxd4 exd4 44. Kf2 1-0

[Event "N1 Reykjavik Open 2014"]
[Site "Reykjavik ISL"]
[Date "2014.03.06"]
[Round "4.118"]
[White "Jonsson, Gauti Pall"]
[Black "Sigurdarson, Alec Elias"]
[Result "1-0"]
[WhiteElo "1618"]
[BlackElo "1309"]
[WhiteFideId "2309092"]
[BlackFideId "2311003"]
[EventDate "2014.03.04"]

1. e4 e5 2. Nf3 Nc6 3. d4 exd4 4. Nxd4 Bc5 5. Be3 Qf6 6. c3 Nge7 7. f4 d6 8. Be2
O-O 9. O-O Bd7 10. Kh1 Ng6 11. Qd3 Rfe8 12. Nd2 a6 13. a4 a5 14. g4 Qh4 15. Nf5
Bxf5 16. gxf5 Bxe3 17. fxg6 Bxf4 18. gxf7+ Kxf7 19. Qg3 Qxg3 20. hxg3 g5 21.
gxf4 gxf4 22. Rxf4+ Ke7 23. Raf1 Rf8 24. Rxf8 Rxf8 25. Rxf8 Kxf8 26. Kg2 Kg7 27.
Nf3 Kg6 28. Kg3 b6 29. Kf4 Kf6 30. Bb5 Ne7 31. Be8 Ng6+ 32. Bxg6 hxg6 33. b4 Kf7
34. bxa5 bxa5 35. Nd4 Kf6 36. Nc6 Kf7 37. Nxa5 Ke7 38. Nb3 Kd7 39. Kg5 Kc6 40.
Kxg6 Kb6 41. Kf6 Kb7 42. Ke6 Kc8 43. c4 Kb7 44. c5 dxc5 45. Nxc5+ Kb6 46. Nb3
Kc6 47. e5 Kb6 48. Kd7 1-0

[Event "N1 Reykjavik Open 2014"]
[Site "Reykjavik ISL"]
[Date "2014.03.06"]
[Round "4.119"]
[White "Kristbergsson, Bjorgvin"]
[Black "Szumniak, Jedrzej"]
[Result "0-1"]
[WhiteElo "1175"]
[BlackElo "1618"]
[WhiteFideId "2305232"]
[BlackFideId "1718932"]
[EventDate "2014.03.04"]

1. c3 c5 2. b3 Nc6 3. g3 g6 4. Bb2 Bg7 5. Bg2 e6 6. e3 d5 7. Nf3 Nge7 8. h3 O-O
9. O-O e5 10. d3 f5 11. Nh2 e4 12. d4 cxd4 13. cxd4 g5 14. Ba3 Rf7 15. Qh5 Ng6
16. Qd1 f4 17. exf4 gxf4 18. gxf4 Nxf4 19. Bb2 Nxh3+ 20. Kh1 Nxf2+ 21. Rxf2 Rxf2
22. Nd2 Qg5 23. Qg1 Rxd2 24. Bc1 Qxg2+ 25. Qxg2 Rxg2 26. Kxg2 Nxd4 27. Be3 Nc2 0-1

[Event "N1 Reykjavik Open 2014"]
[Site "Reykjavik ISL"]
[Date "2014.03.06"]
[Round "4.120"]
[White "Einarsson, Oskar Long"]
[Black "Magnusson, Thorsteinn"]
[Result "1-0"]
[WhiteElo "1599"]
[BlackElo "1234"]
[WhiteFideId "2309220"]
[BlackFideId "2310287"]
[EventDate "2014.03.04"]

1. e4 e6 2. d4 d5 3. Nd2 c5 4. c3 Nc6 5. Bb5 cxd4 6. cxd4 Bd7 7. Ne2 Bb4 8. e5
Nge7 9. Bd3 Qb6 10. a3 Bxd2+ 11. Bxd2 Nxd4 12. Be3 Nec6 13. Qa4 Qxb2 14. Bxd4
Nxd4 15. Qxd4 Qxd4 16. Nxd4 O-O 17. Bb5 Bxb5 18. Nxb5 Rfc8 19. O-O g6 20. Nd6
Rc2 21. Rfc1 Re2 22. Re1 Rc2 23. Nxb7 Rb8 24. Rab1 Rc3 25. a4 d4 26. Red1 d3 27.
Kf1 Rbc8 28. Nd6 R8c6 29. Nb5 R3c5 30. Nxa7 Ra6 31. Nb5 Rxa4 32. Rxd3 Rxe5 33.
Re3 Rxe3 34. fxe3 f5 35. Kf2 Kg7 36. Rd1 Kf6 37. Rd4 Rxd4 38. Nxd4 e5 39. Nc6 f4
40. e4 h5 41. h4 Ke6 42. Kf3 Kd6 43. Nb4 Ke6 44. Nd3 Kd6 45. Nxf4 exf4 46. Kxf4
Ke6 47. e5 Kf7 48. Kg5 1-0